Españoles fuera de España
Uloženo v:
| Hlavní autor: | |
|---|---|
| Médium: | Kniha |
| Jazyk: | španělština |
| Vydáno: |
Buenos Aires
Espasa Calpe
1947
|
| Edice: | Colección Austral, 710
|
| Témata: | |
| Tagy: |
Přidat tag
Žádné tagy, Buďte první, kdo vytvoří štítek k tomuto záznamu!
|
MARC
| LEADER | 00000nam a2200000 a 4500 | ||
|---|---|---|---|
| 001 | UCT5357 | ||
| 003 | CL-VaPUC | ||
| 008 | 961206e19470000AG |||||||||||||||||spa|d | ||
| 082 | 0 | 4 | |a 864 |b MAR |2 21 |
| 100 | |a Marañón y Posadillo, Gregorio |e autor |9 529334 | ||
| 245 | 1 | 0 | |a Españoles fuera de España |
| 300 | |a 164 p | ||
| 942 | |c BK | ||
| 945 | |d 19961206 00:00:00 |a nastorga | ||
| 260 | |a Buenos Aires |b Espasa Calpe |c 1947 | ||
| 600 | 0 | |a VEGA, GARCILASO DE LA |9 508868 | |
| 600 | 0 | 7 | |a VIVES, LUIS |2 CL-VaPUC |9 356328 |
| 650 | 0 | |a Ensayos españoles |9 313128 | |
| 650 | 0 | |a Guerra civil española |9 331803 | |
| 650 | 0 | |a Emigración |9 343094 | |
| 650 | 7 | |a BURGESIA |2 CL-VaPUC |9 374797 | |
| 650 | 0 | |a Liberalismo |9 255715 | |
| 650 | 0 | |a Política |9 255312 | |
| 651 | 0 | |a Francia |9 255157 | |
| 651 | 0 | |a España |9 254926 | |
| 583 | |a last modification |c 19961206 00:00:00 |k Rodrigo Vera | ||
| 490 | 0 | |a Colección Austral, 710 | |
| 999 | |c 254302 |d 254300 | ||
| 952 | |0 0 |1 0 |4 0 |6 864_000000000000000_MAR_1947 |7 0 |8 A |9 275875 |a BIBEDU |b BIBEDU |d 2019-11-19 |i 3258874 |o 864 MAR 1947 |p 3258874 |r 2019-11-19 |w 2019-11-19 |y BK |k LIT | ||
| 952 | |0 0 |1 0 |4 0 |6 864_000000000000000_MAR_1947 |7 0 |8 A |9 275876 |a BIBEDU |b BIBEDU |d 2019-11-19 |i 3295109 |o 864 MAR 1947 |p 3295109 |r 2019-11-19 |w 2019-11-19 |y BK |k LIT | ||